000 00731nam a22002297a 4500
003 UA-OsUOA
001 108887
007 ta
008 20141119b un ||||| |||| 00| 0 ukr d
090 _a82-94
_bП84
942 _cBK
040 _aUA-OsUOA
_bukr
_cUA-OsUOA
_dUA-OsUOA
245 _a"Прошу вас мене не забувати": усні історії українських остарбайтерів
_bзбірник
_cгол. ред. Г. Грінченко
300 _a208 с.
955 _a1
041 _aukr
080 _a82-94
020 _a978-966-458-144-5
260 _aХарків
_bПраво
_c2009
650 7 _a82 Література. Літературознавство
_2UDC
999 _c394810
_d394810